[Event "EOBCC 2020"]
[Site "Online"]
[Date "2020.12.18"]
[Round "6.87"]
[White "Shohat, Yotam"]
[Black "Firat, Burak"]
[Result "0-1"]
[WhiteElo "2346"]
[BlackElo "2474"]
[Annotator "ChessBase"]
[PlyCount "84"]
[EventDate "2020.12.18"]
[EventType "tourn"]
[EventCountry "NET"]
[SourceTitle "playchess.com"]
[Source "ChessBase"]
[SourceQuality "1"]

1. e4 c6 2. d4 d5 3. exd5 cxd5 4. Bd3 Nc6 5. c3 Nf6 6. h3 e6 7. Nf3 Bd6 8. O-O a6 9. Re1 Qc7 10. Bg5 h6 11. Bxf6 gxf6 12. c4 dxc4 13. Bxc4 Nb4 14. Bb3 Bd7 15. a3 Nc6 16. d5 Ne5 17. dxe6 fxe6 18. Nd4 O-O-O 19. Nxe6 Bxe6 20. Bxe6+ Kb8 21. Qb3 Bc5 22. Bd5 Qd7 23. Nc3 Nd3 24. Re2 Rhe8 25. Rxe8 Rxe8 26. Ne4 Rxe4 27. Bxe4 Nxf2 28. Bf3 Ne4+ 29. Kh1 Nf2+ 30. Kh2 h5 31. Rc1 Qc7+ 32. g3 h4 33. Qg8+ Ka7 34. b4 Qe5 35. Rxc5 Qb2 36. Bg2 Ne4 37. Rc7 hxg3+ 38. Qxg3 Nxg3 39. Rxb7+ Ka8 40. Rg7+ Ne4 41. Re7 f5 42. h4 Qf2 0-1

[Event "EOBCC 2020"]
[Site "Online"]
[Date "2020.12.18"]
[Round "6.88"]
[White "Mustafayev, Farid"]
[Black "Nikolovski, Nikola"]
[Result "0-1"]
[WhiteElo "2334"]
[BlackElo "2454"]
[Annotator "TA"]
[PlyCount "118"]
[EventDate "2020.12.18"]
[EventType "tourn"]
[EventCountry "NET"]
[SourceTitle "playchess.com"]
[Source "ChessBase"]
[SourceQuality "1"]

1. d4 e6 2. c4 f5 3. Nc3 Nf6 4. Bg5 Bb4 5. e3 b6 6. Bd3 Bxc3+ 7. bxc3 Bb7 8. f3 O-O 9. Ne2 d6 10. O-O Nbd7 11. Rb1 Qe8 12. Bh4 Qh5 13. Bf2 Rae8 14. d5 g6 15. Nf4 Qh6 16. Nxe6 Rxe6 17. dxe6 Nc5 18. Be2 Nxe6 19. Re1 Nd7 20. c5 Nexc5 21. Bc4+ Kh8 22. Qd4+ Qg7 23. Rbd1 Ne5 24. Bg3 Bxf3 25. Bd5 Bxd1 26. Rxd1 Re8 27. Bh4 Ng4 28. Qd2 g5 29. Bg3 Nxe3 30. Re1 f4 31. Bf2 Qe5 32. Bc6 Re7 33. g3 Ne4 34. Bxe4 Qxe4 35. Bxe3 fxe3 36. Qe2 Kg7 37. Rf1 Rf7 38. Rxf7+ Kxf7 39. Qh5+ Ke6 40. Qe8+ Kf5 41. Qd7+ Kg6 42. Qxc7 e2 43. Qxd6+ Kh5 44. g4+ Qxg4+ 45. Kf2 Qf4+ 46. Qxf4 gxf4 47. Kxe2 Kg4 48. a4 a6 49. c4 a5 50. Kf2 h5 51. Ke2 Kh3 52. Kf3 Kxh2 53. Kxf4 Kg2 54. Ke4 h4 55. Kd5 h3 56. Kc6 h2 57. Kxb6 h1=Q 58. c5 Qb1+ 59. Kxa5 Qb7 0-1

[Event "EOBCC 2020"]
[Site "Online"]
[Date "2020.12.18"]
[Round "6.89"]
[White "Kolosowski, Mateusz"]
[Black "Marn, Jan"]
[Result "0-1"]
[WhiteElo "2448"]
[BlackElo "2346"]
[Annotator "TA"]
[PlyCount "76"]
[EventDate "2020.12.18"]
[EventType "tourn"]
[EventCountry "NET"]
[SourceTitle "playchess.com"]
[Source "ChessBase"]
[SourceQuality "1"]

1. e4 e5 2. Nf3 Nc6 3. Bb5 a6 4. Ba4 Nf6 5. O-O Be7 6. Re1 b5 7. Bb3 d6 8. c3 O-O 9. d3 Na5 10. Bc2 c5 11. Nbd2 Re8 12. Nf1 Bf8 13. h3 g6 14. Bg5 h6 15. Bh4 Bg7 16. Ne3 Qd7 17. Nh2 Bb7 18. Qf3 Nh5 19. a3 c4 20. dxc4 Nxc4 21. Nxc4 bxc4 22. Rad1 Rad8 23. Bxd8 Rxd8 24. Ng4 Nf4 25. Ne3 Qb5 26. Kh2 f5 27. g3 Nd3 28. Bxd3 cxd3 29. Nd5 fxe4 30. Ne7+ Kh7 31. Qf7 Qe8 32. Qe6 Rd7 33. Qxg6+ Qxg6 34. Nxg6 Kxg6 35. f3 d5 36. c4 dxc4 37. fxe4 Rd4 38. Re3 Rxe4 0-1

[Event "EOBCC 2020"]
[Site "Online"]
[Date "2020.12.18"]
[Round "6.90"]
[White "Filip, Lucian-Ioan"]
[Black "Koelle, Tobias"]
[Result "1-0"]
[WhiteElo "2442"]
[BlackElo "2340"]
[Annotator "TA"]
[PlyCount "139"]
[EventDate "2020.12.18"]
[EventType "tourn"]
[EventCountry "NET"]
[SourceTitle "playchess.com"]
[Source "ChessBase"]
[SourceQuality "1"]

1. Nf3 d5 2. d4 Nf6 3. c4 e6 4. g3 c6 5. Bg2 Bd6 6. O-O O-O 7. Nfd2 Nbd7 8. Nc3 a6 9. e4 dxe4 10. Ndxe4 Nxe4 11. Nxe4 Be7 12. Bf4 Nf6 13. Be5 Nxe4 14. Bxe4 Bf6 15. Qc2 g6 16. Rad1 Qe7 17. c5 Rd8 18. Rd3 Bg7 19. Rfd1 f6 20. Bf4 Bd7 21. Re1 Be8 22. Bd6 Rxd6 23. cxd6 Qxd6 24. Qb3 b5 25. Bg2 Bf7 26. Qc2 Rc8 27. Rc1 f5 28. Bxc6 Be8 29. d5 e5 30. Qc5 Qxc5 31. Rxc5 e4 32. Rd2 Bf8 33. Rcc2 Bb4 34. Bxe8 Rxe8 35. Rd4 Bd6 36. Rc6 Be5 37. Rd2 a5 38. d6 Kf7 39. d7 Rd8 40. Rc8 Ke7 41. Rxd8 Kxd8 42. b3 a4 43. Rd5 axb3 44. axb3 Bf6 45. Rxb5 Kxd7 46. Rb7+ Ke6 47. Rxh7 Bd4 48. Kf1 g5 49. Ke2 f4 50. f3 Kf5 51. g4+ Ke5 52. Re7+ Kd6 53. Rxe4 Bg1 54. h3 Kd5 55. Kd3 Bb6 56. Re8 Bf2 57. Rd8+ Ke5 58. b4 Bb6 59. Rg8 Kf6 60. b5 Kf7 61. Rb8 Bf2 62. b6 Ke7 63. b7 Ba7 64. Ra8 Kd7 65. Rxa7 Kc7 66. Ke4 Kb8 67. Ra5 Kxb7 68. Rxg5 Kc6 69. Kxf4 Kd6 70. Re5 1-0

[Event "EOBCC 2020"]
[Site "Online"]
[Date "2020.12.18"]
[Round "6.91"]
[White "Bykov, Egor"]
[Black "Przybylski, Wojciech"]
[Result "0-1"]
[WhiteElo "2436"]
[BlackElo "2321"]
[Annotator "NA"]
[PlyCount "78"]
[EventDate "2020.12.18"]
[EventType "tourn"]
[EventCountry "NET"]
[SourceTitle "playchess.com"]
[Source "ChessBase"]
[SourceQuality "1"]

1. d4 d5 2. c4 c6 3. Nf3 Nf6 4. Nc3 e6 5. e3 Nbd7 6. Qc2 Bd6 7. Bd3 O-O 8. O-O dxc4 9. Bxc4 b5 10. Be2 Bb7 11. e4 e5 12. Bg5 h6 13. Bh4 Re8 14. Rad1 Qc7 15. dxe5 Nxe5 16. h3 Nxf3+ 17. Bxf3 Be5 18. Bxf6 gxf6 19. Bg4 Rad8 20. Bf5 b4 21. Ne2 Rxd1 22. Rxd1 Rd8 23. Rxd8+ Qxd8 24. Qc1 Kg7 25. Nf4 Qd4 26. Nh5+ Kf8 27. g3 Ke7 28. b3 c5 29. Qxh6 Qa1+ 30. Kg2 Qxa2 31. Qe3 Bd4 32. Qf3 c4 33. bxc4 b3 34. Nf4 b2 35. Nd5+ Kd6 36. e5+ fxe5 37. Qe4 Qxc4 38. Ne3 Bxe4+ 39. Bxe4 Bxe3 0-1

[Event "EOBCC 2020"]
[Site "Online"]
[Date "2020.12.18"]
[Round "6.94"]
[White "Babazada, Khazar"]
[Black "Rabatin, Jakub"]
[Result "1-0"]
[WhiteElo "2409"]
[BlackElo "2316"]
[Annotator "NA"]
[PlyCount "83"]
[EventDate "2020.12.18"]
[EventType "tourn"]
[EventCountry "NET"]
[SourceTitle "playchess.com"]
[Source "ChessBase"]
[SourceQuality "1"]

1. e4 c5 2. Nf3 Nc6 3. d4 cxd4 4. Nxd4 e5 5. Nb3 Nf6 6. Nc3 Bb4 7. f3 d5 8. Bd2 Bxc3 9. Bxc3 dxe4 10. Qxd8+ Kxd8 11. O-O-O+ Kc7 12. Bb5 Re8 13. Rhe1 Bd7 14. fxe4 a6 15. Bc4 Be6 16. Bxe6 Rxe6 17. Nc5 Re7 18. Rd2 b6 19. Nd3 Rd8 20. h3 h5 21. Rf2 Nd4 22. g4 hxg4 23. hxg4 Nxg4 24. Rg2 Nf6 25. Rxg7 Nh5 26. Rg4 f6 27. Kb1 Rg7 28. Rxg7+ Nxg7 29. Nb4 Rd6 30. Nd5+ Kc6 31. Rh1 Ne2 32. Bb4 Re6 33. Rh7 Ne8 34. Ne7+ Kb5 35. a3 a5 36. Bd2 Ng3 37. b3 Nxe4 38. a4+ Ka6 39. Be3 Ng5 40. Bxg5 fxg5 41. Nc8 Nc7 42. Rxc7 1-0

[Event "EOBCC 2020"]
[Site "Online"]
[Date "2020.12.18"]
[Round "6.95"]
[White "Pajeken, Jakob Leon"]
[Black "Sargsyan, Anna M."]
[Result "1-0"]
[WhiteElo "2323"]
[BlackElo "2402"]
[Annotator "NA"]
[PlyCount "145"]
[EventDate "2020.12.18"]
[EventType "tourn"]
[EventCountry "NET"]
[SourceTitle "playchess.com"]
[Source "ChessBase"]
[SourceQuality "1"]

1. e4 c6 2. d4 d5 3. Nd2 dxe4 4. Nxe4 Bf5 5. Ng3 Bg6 6. h4 h6 7. Nf3 e6 8. Ne5 Bh7 9. Bc4 Nd7 10. Qe2 Nxe5 11. dxe5 Bc5 12. Nh5 Kf8 13. Qg4 Bg6 14. Bd3 Qd4 15. Qxd4 Bxd4 16. Bxg6 fxg6 17. Nf4 Kf7 18. Nd3 Rd8 19. Rh3 Ne7 20. Rf3+ Ke8 21. Nf4 Bxe5 22. Nxe6 Rd6 23. Nc5 b6 24. Nd3 Bf6 25. g3 Nd5 26. Bd2 Kd7 27. Kf1 Re8 28. Re1 Rde6 29. Rxe6 Rxe6 30. c3 Rd6 31. Ke2 c5 32. Bf4 Re6+ 33. Kd2 Kc6 34. g4 Bxh4 35. Ne5+ Kb7 36. Bh2 Bf6 37. Nxg6 Bg5+ 38. Kd3 Rxg6 39. Rf7+ Kc6 40. c4 Ne7 41. f4 Bf6 42. g5 hxg5 43. f5 Rh6 44. Bb8 Rh3+ 45. Ke4 a6 46. Be5 g4 47. Bxf6 gxf6 48. Rxe7 Rh2 49. Re6+ Kc7 50. Rxf6 Rxb2 51. Rg6 Rc2 52. Kd5 Rd2+ 53. Ke6 Re2+ 54. Kf7 Rg2 55. f6 b5 56. cxb5 axb5 57. Ke7 Re2+ 58. Kf8 Rf2 59. f7 c4 60. Rxg4 c3 61. Rg1 b4 62. Kg8 Rxf7 63. Kxf7 Kb6 64. Ke6 Kc5 65. Ke5 Kc4 66. Ke4 c2 67. Ke3 Kc3 68. Rc1 Kb2 69. Kd2 Kxa2 70. Rxc2+ Ka3 71. Rc8 Kb2 72. Rb8 b3 73. Rb7 1-0

[Event "EOBCC 2020"]
[Site "Online"]
[Date "2020.12.18"]
[Round "6.96"]
[White "Tsvetkov, Andrey"]
[Black "Vitenberg, Noam Aviv"]
[Result "1-0"]
[WhiteElo "2395"]
[BlackElo "2320"]
[Annotator "NA"]
[PlyCount "57"]
[EventDate "2020.12.18"]
[EventType "tourn"]
[EventCountry "NET"]
[SourceTitle "playchess.com"]
[Source "ChessBase"]
[SourceQuality "1"]

1. d4 d5 2. c4 e6 3. Nc3 Bb4 4. e3 c5 5. a3 Bxc3+ 6. bxc3 Nc6 7. cxd5 exd5 8. Bd3 Nge7 9. Ne2 Bf5 10. O-O O-O 11. Ng3 Bxd3 12. Qxd3 Rc8 13. f3 Qd7 14. Bb2 Rfd8 15. Rad1 Na5 16. e4 Nb3 17. e5 Qa4 18. f4 Qc4 19. Qf3 cxd4 20. cxd4 Nc6 21. Nf5 Qc2 22. Qg4 g6 23. Nh6+ Kg7 24. Rf2 Qc4 25. f5 Ncxd4 26. f6+ Kf8 27. Bxd4 Nxd4 28. Qxd4 Qb3 29. e6 1-0

[Event "EOBCC 2020"]
[Site "Online"]
[Date "2020.12.18"]
[Round "6.97"]
[White "Owczarzak, Jerzy"]
[Black "Vedrickas, Tautvydas"]
[Result "0-1"]
[WhiteElo "2326"]
[BlackElo "2395"]
[Annotator "NA"]
[PlyCount "80"]
[EventDate "2020.12.18"]
[EventType "tourn"]
[EventCountry "NET"]
[SourceTitle "playchess.com"]
[Source "ChessBase"]
[SourceQuality "1"]

1. b4 Nf6 2. Nf3 g6 3. Bb2 Bg7 4. c4 d6 5. e3 O-O 6. d4 Nbd7 7. Be2 c6 8. O-O a5 9. b5 cxb5 10. cxb5 Nb6 11. Nbd2 Bf5 12. Rc1 a4 13. a3 Qd7 14. Nh4 Bg4 15. Bxg4 Nxg4 16. Qe2 d5 17. Nhf3 Rfc8 18. h3 Nh6 19. e4 dxe4 20. Nxe4 Nf5 21. Nc5 Qd5 22. Rfd1 e6 23. g4 Nd6 24. Ne5 Qa2 25. Rc2 Nd5 26. Rdc1 b6 27. Ncd7 Rxc2 28. Qxc2 Qb3 29. Qc6 Rd8 30. Rc2 Nxb5 31. Re2 Qd1+ 32. Kg2 Qxe2 33. Ba1 Qe4+ 34. Kh2 Qf4+ 35. Kg2 Nxd4 36. Bxd4 Qxd4 37. Nf3 Qe4 38. Nxb6 Nf4+ 39. Kg3 Ne2+ 40. Kg2 Qxc6 0-1

[Event "EOBCC 2020"]
[Site "Online"]
[Date "2020.12.18"]
[Round "6.98"]
[White "Havlik, Jan"]
[Black "Hurdzan, Tomas"]
[Result "0-1"]
[WhiteElo "2393"]
[BlackElo "2317"]
[Annotator "NA"]
[PlyCount "66"]
[EventDate "2020.12.18"]
[EventType "tourn"]
[EventCountry "NET"]
[SourceTitle "playchess.com"]
[Source "ChessBase"]
[SourceQuality "1"]

1. e4 c5 2. Nf3 d6 3. d4 cxd4 4. Nxd4 Nf6 5. Nc3 Nc6 6. Bc4 e6 7. Bb3 Be7 8. O-O O-O 9. Be3 Bd7 10. f4 Nxd4 11. Qxd4 Bc6 12. f5 e5 13. Qd3 b5 14. Bg5 b4 15. Bxf6 bxc3 16. Bxe7 Qxe7 17. bxc3 Rad8 18. f6 gxf6 19. Rf5 d5 20. Raf1 Kh8 21. exd5 Bxd5 22. Rh5 Qc5+ 23. Rf2 Be4 24. Qe2 Bg6 25. Rh4 Rd6 26. h3 Rfd8 27. Kh2 e4 28. Rhf4 Qe5 29. Qg4 e3 30. Re2 Rd2 31. Kg3 Rxe2 32. Qxe2 Rd2 33. Qc4 e2 0-1

[Event "EOBCC 2020"]
[Site "Online"]
[Date "2020.12.18"]
[Round "6.99"]
[White "Nazaretyan, Tigran"]
[Black "Remizov, Yaroslav"]
[Result "0-1"]
[WhiteElo "2316"]
[BlackElo "2385"]
[Annotator "NA"]
[PlyCount "122"]
[EventDate "2020.12.18"]
[EventType "tourn"]
[EventCountry "NET"]
[SourceTitle "playchess.com"]
[Source "ChessBase"]
[SourceQuality "1"]

1. d4 d5 2. c4 e6 3. Nf3 c6 4. Nbd2 f5 5. g3 Nf6 6. Bg2 Bd6 7. O-O O-O 8. b3 Nbd7 9. Bb2 Ne4 10. e3 Qf6 11. Qe2 b6 12. Rac1 Bb7 13. Nxe4 dxe4 14. Nd2 c5 15. dxc5 Qxb2 16. cxd6 Ne5 17. c5 Qxa2 18. Ra1 Qc2 19. Rfc1 Qd3 20. Qxd3 Nxd3 21. c6 Rac8 22. cxb7 Rxc1+ 23. Rxc1 Nxc1 24. f3 Ne2+ 25. Kf2 Nc3 26. Nc4 Nd5 27. fxe4 fxe4+ 28. Ke2 Rb8 29. d7 Kf8 30. Bxe4 Ke7 31. Ne5 Nc3+ 32. Kd3 Nxe4 33. Nc6+ Kxd7 34. Nxb8+ Kc7 35. Kxe4 Kxb8 36. Ke5 a5 37. Kxe6 b5 38. Kd5 a4 39. bxa4 bxa4 40. Kc4 Kxb7 41. Kb4 Kc6 42. e4 Kd6 43. Kxa4 Ke5 44. Kb5 Kxe4 45. Kc6 Kf3 46. Kd6 Kg2 47. Ke5 Kxh2 48. g4 Kg3 49. Kf5 Kh4 50. g5 g6+ 51. Kf6 Kg4 52. Kg7 Kxg5 53. Kxh7 Kh5 54. Kg7 g5 55. Kf6 g4 56. Kf5 g3 57. Kf4 g2 58. Kg3 g1=Q+ 59. Kh3 Kg6 60. Kh4 Kf5 61. Kh3 Kf4 0-1

[Event "EOBCC 2020"]
[Site "Online"]
[Date "2020.12.18"]
[Round "6.100"]
[White "A______, B___"]
[Black "Mammadova, Gulnar"]
[Result "0-1"]
[WhiteElo "2304"]
[BlackElo "2382"]
[Annotator "NA"]
[PlyCount "92"]
[EventDate "2020.12.18"]
[EventType "tourn"]
[EventCountry "NET"]
[SourceTitle "playchess.com"]
[Source "ChessBase"]
[SourceQuality "1"]

1. e4 e6 2. d4 d5 3. Nc3 Bb4 4. e5 c5 5. a3 Bxc3+ 6. bxc3 Qa5 7. Bd2 Qa4 8. Qg4 Kf8 9. h4 Nc6 10. Nf3 Qxc2 11. Be2 h6 12. Rc1 Qe4 13. Qg3 Nge7 14. Be3 Nf5 15. Qh3 Nxe3 16. fxe3 Qxe3 17. Rc2 Bd7 18. Rf1 cxd4 19. cxd4 Kg8 20. Rd2 Na5 21. Rd3 Qc1+ 22. Kf2 Qc7 23. Kg1 Bb5 24. Re3 Bxe2 25. Rxe2 Nc4 26. Nh2 Rd8 27. Ref2 Rd7 28. Ng4 h5 29. Nh2 Qb6 30. Nf3 Ne3 31. Rc1 Rc7 32. Rxc7 Qxc7 33. Ng5 Qc1+ 34. Kh2 Ng4+ 35. Kg3 Nxf2 36. Kxf2 Qd2+ 37. Kg1 Qxd4+ 38. Kh1 Qa1+ 39. Kh2 Qxe5+ 40. Kh1 g6 41. Qf3 f6 42. Nh3 Kg7 43. Nf4 Rc8 44. Qg3 Qf5 45. Kh2 Rc4 46. Nd3 Qg4 0-1

[Event "EOBCC 2020"]
[Site "Online"]
[Date "2020.12.18"]
[Round "6.101"]
[White "Dudin, Gleb"]
[Black "Fataliyeva, Ulviyya"]
[Result "1-0"]
[WhiteElo "2395"]
[BlackElo "2301"]
[Annotator "ChessBase"]
[PlyCount "39"]
[EventDate "2020.12.18"]
[EventType "tourn"]
[EventCountry "NET"]
[SourceTitle "playchess.com"]
[Source "ChessBase"]
[SourceQuality "1"]

1. d4 d5 2. c4 e6 3. Nf3 a6 4. b3 Nf6 5. g3 Ne4 6. Bg2 f5 7. O-O Be7 8. Ba3 Bxa3 9. Nxa3 O-O 10. Ne5 Nd7 11. Nd3 Qe7 12. Nc2 b5 13. cxd5 exd5 14. Ncb4 Bb7 15. Rc1 Ndf6 16. f3 a5 17. fxe4 axb4 18. exf5 Qe3+ 19. Kh1 Ng4 20. h3 1-0

[Event "EOBCC 2020"]
[Site "Online"]
[Date "2020.12.18"]
[Round "6.102"]
[White "Antonov, Alexandr"]
[Black "Balajayeva, Khanim"]
[Result "0-1"]
[WhiteElo "2309"]
[BlackElo "2376"]
[Annotator "ChessBase"]
[PlyCount "122"]
[EventDate "2020.12.18"]
[EventType "tourn"]
[EventCountry "NET"]
[SourceTitle "playchess.com"]
[Source "ChessBase"]
[SourceQuality "1"]

1. c4 Nf6 2. g3 e6 3. Nc3 d5 4. cxd5 exd5 5. d3 Be7 6. Bg2 O-O 7. e3 c6 8. Nge2 h6 9. O-O Bf5 10. e4 dxe4 11. dxe4 Bh7 12. Be3 Nbd7 13. h3 Nc5 14. e5 Nfd7 15. f4 Nd3 16. Qd2 Bc5 17. Be4 Bxe3+ 18. Qxe3 Nxb2 19. Bxh7+ Kxh7 20. Qe4+ Kg8 21. Rab1 Nc5 22. Qc2 Nbd3 23. Rfd1 Qd7 24. Kh2 Rad8 25. Ng1 Qd4 26. Nf3 Qe3 27. Qe2 Qxe2+ 28. Nxe2 Nf2 29. Rf1 Nfe4 30. Rbd1 Na4 31. Ned4 c5 32. Nf5 Nec3 33. Rxd8 Rxd8 34. Nd6 b5 35. Rf2 a6 36. Nh4 Nb6 37. Nhf5 b4 38. Ne7+ Kf8 39. Nc6 Ra8 40. f5 Nc8 41. Nc4 Ne7 42. N6a5 Ned5 43. Nd6 Nb5 44. Nab7 Nxd6 45. exd6 c4 46. d7 Ke7 47. d8=Q+ Rxd8 48. Nxd8 c3 49. Nc6+ Kd6 50. Nxb4 Nxb4 51. Rf4 Kc5 52. a3 Nd5 53. Rf1 Kc4 54. Kg1 c2 55. Kf2 Nc3 56. Ke3 Na2 57. Kd2 c1=Q+ 58. Rxc1+ Nxc1 59. Kxc1 Kb3 60. g4 Kxa3 61. h4 f6 0-1

[Event "EOBCC 2020"]
[Site "Online"]
[Date "2020.12.18"]
[Round "6.103"]
[White "Seul, Georg"]
[Black "Walter, Szymon"]
[Result "0-1"]
[WhiteElo "2372"]
[BlackElo "2281"]
[Annotator "NA"]
[PlyCount "80"]
[EventDate "2020.12.18"]
[EventType "tourn"]
[EventCountry "NET"]
[SourceTitle "playchess.com"]
[Source "ChessBase"]
[SourceQuality "1"]

1. e4 c5 2. d3 g6 3. f4 Bg7 4. Nf3 Nc6 5. Be2 e6 6. O-O Nge7 7. c3 O-O 8. Be3 b6 9. d4 cxd4 10. Nxd4 Bb7 11. Na3 d5 12. e5 Nxd4 13. cxd4 Nf5 14. Bf2 h5 15. Nc2 Rc8 16. Rc1 Bh6 17. g3 h4 18. Bd3 Kg7 19. g4 Bxf4 20. gxf5 Qg5+ 21. Kh1 Bxc1 22. f6+ Kh8 23. Qxc1 Qxc1 24. Rxc1 Bc6 25. Bxh4 Ba4 26. b3 Bd7 27. Be1 Rc7 28. Rd1 Rfc8 29. Rd2 Bb5 30. Bxb5 Rxc2 31. Bd3 Rc1 32. Re2 R8c3 33. Bb5 R3c2 34. Rxc2 Rxc2 35. Kg1 Rxa2 36. b4 a5 37. bxa5 bxa5 38. h4 a4 39. Kf1 a3 40. Bc3 Rc2 0-1

[Event "EOBCC 2020"]
[Site "Online"]
[Date "2020.12.18"]
[Round "6.104"]
[White "Krastev, Alexander"]
[Black "Beydullayeva, Govhar"]
[Result "1/2-1/2"]
[WhiteElo "2367"]
[BlackElo "2263"]
[Annotator "NA"]
[PlyCount "64"]
[EventDate "2020.12.18"]
[EventType "tourn"]
[EventCountry "NET"]
[SourceTitle "playchess.com"]
[Source "ChessBase"]
[SourceQuality "1"]

1. e4 c5 2. Nf3 d6 3. Bb5+ Nd7 4. O-O a6 5. Bd3 Ngf6 6. Re1 e6 7. c3 b5 8. Bc2 Be7 9. d4 cxd4 10. cxd4 Bb7 11. a4 b4 12. Nbd2 Rc8 13. Bd3 O-O 14. Qe2 a5 15. e5 dxe5 16. dxe5 Nd5 17. Ne4 Qc7 18. Neg5 g6 19. Nd4 Nc5 20. Bb1 Rfd8 21. Qg4 Bf8 22. Qh4 h6 23. Ngf3 Qe7 24. Qh3 Nb6 25. Bxh6 Bxh6 26. Qxh6 Qf8 27. Qh4 Bxf3 28. Nxf3 Nb3 29. Ra2 Nc1 30. Ra1 Nb3 31. Ra2 Nc1 32. Ra1 Nb3 1/2-1/2

[Event "EOBCC 2020"]
[Site "Online"]
[Date "2020.12.18"]
[Round "6.105"]
[White "Myshakov, Fyodor"]
[Black "Baghdasaryan, Vahe"]
[Result "1-0"]
[WhiteElo "2292"]
[BlackElo "2364"]
[Annotator "NA"]
[PlyCount "37"]
[EventDate "2020.12.18"]
[EventType "tourn"]
[EventCountry "NET"]
[SourceTitle "playchess.com"]
[Source "ChessBase"]
[SourceQuality "1"]

1. c4 c6 2. Nc3 d5 3. cxd5 cxd5 4. d4 Nf6 5. Nf3 Nc6 6. Bf4 a6 7. e3 Bf5 8. Ne5 e6 9. g4 Bg6 10. h4 h5 11. Nxg6 fxg6 12. g5 Ne4 13. Nxe4 dxe4 14. Bg2 e5 15. dxe5 Qa5+ 16. Kf1 Rd8 17. Qb3 Bc5 18. Bxe4 Rf8 19. Qe6+ 1-0

[Event "EOBCC 2020"]
[Site "Online"]
[Date "2020.12.18"]
[Round "6.106"]
[White "Mischuk, Dmitry"]
[Black "Dzida, Kamil"]
[Result "1-0"]
[WhiteElo "2364"]
[BlackElo "2239"]
[Annotator "NA"]
[PlyCount "101"]
[EventDate "2020.12.18"]
[EventType "tourn"]
[EventCountry "NET"]
[SourceTitle "playchess.com"]
[Source "ChessBase"]
[SourceQuality "1"]

1. e4 c5 2. Nf3 Nc6 3. d4 cxd4 4. Nxd4 Nf6 5. Nc3 e5 6. Ndb5 d6 7. Nd5 Nxd5 8. exd5 Nb8 9. a4 Be7 10. Bd2 O-O 11. a5 Nd7 12. Be2 f5 13. c4 Nf6 14. O-O Ne4 15. Be1 f4 16. f3 Nc5 17. b4 Nd7 18. Nc3 Bh4 19. Bxh4 Qxh4 20. Ne4 Rf5 21. Qe1 Qe7 22. Rc1 Nf6 23. Bd3 Rh5 24. c5 Nxe4 25. Bxe4 Bd7 26. c6 bxc6 27. dxc6 Be6 28. Rd1 Rc8 29. b5 d5 30. Bxd5 a6 31. Bxe6+ Qxe6 32. Qc3 axb5 33. c7 Rf5 34. Rd8+ Rf8 35. Rfd1 Qe7 36. Rxf8+ Kxf8 37. Rc1 Qd6 38. h3 Qd4+ 39. Kf1 Qxc3 40. Rxc3 b4 41. Rb3 Rxc7 42. Rxb4 Rc2 43. Ra4 Rc7 44. a6 Ra7 45. Ke2 Ke7 46. Kd3 Ke6 47. Kc4 g5 48. Kc5 Kf5 49. Kb6 Ra8 50. Kb7 Rd8 51. a7 1-0

[Event "EOBCC 2020"]
[Site "Online"]
[Date "2020.12.18"]
[Round "6.107"]
[White "Sukovic, Andrej"]
[Black "Ruperez Benito, Antonio"]
[Result "1-0"]
[WhiteElo "2282"]
[BlackElo "2363"]
[Annotator "ChessBase"]
[PlyCount "91"]
[EventDate "2020.12.18"]
[EventType "tourn"]
[EventCountry "NET"]
[SourceTitle "playchess.com"]
[Source "ChessBase"]
[SourceQuality "1"]

1. e4 e6 2. d4 d5 3. Nc3 Bb4 4. e5 c5 5. a3 Bxc3+ 6. bxc3 Qa5 7. Bd2 Qa4 8. Qb1 c4 9. Nh3 Nc6 10. Nf4 Nge7 11. Nh5 Kf8 12. Be2 b6 13. O-O Bd7 14. Qc1 Rg8 15. Bd1 Ke8 16. g4 Kd8 17. f4 Kc7 18. Be1 Raf8 19. Qe3 Nd8 20. Bg3 Kb7 21. Bh4 Ng6 22. Be1 Ne7 23. Qh3 Qb5 24. Rc1 Qb2 25. Bd2 Qxa3 26. f5 exf5 27. gxf5 g6 28. Nf6 Bxf5 29. Qg2 Rh8 30. Nxd5 Kb8 31. Ne3 Bc8 32. Nxc4 Qa4 33. Nd6 Ne6 34. Bf3 f6 35. Ra1 Qd7 36. Nxc8 Nxc8 37. d5 Ng5 38. e6 Qc7 39. Be2 Rd8 40. c4 Nd6 41. Bd3 h6 42. Bf4 Qc5+ 43. Kh1 Rhe8 44. Bxg6 Rg8 45. Bd3 Nge4 46. Qxe4 1-0

[Event "EOBCC 2020"]
[Site "Online"]
[Date "2020.12.18"]
[Round "6.108"]
[White "Polok, Kacper"]
[Black "Voit, Daria"]
[Result "1-0"]
[WhiteElo "2272"]
[BlackElo "2353"]
[Annotator "NA"]
[PlyCount "71"]
[EventDate "2020.12.18"]
[EventType "tourn"]
[EventCountry "NET"]
[SourceTitle "playchess.com"]
[Source "ChessBase"]
[SourceQuality "1"]

1. e4 e6 2. d4 d5 3. Nc3 Bb4 4. e5 Ne7 5. a3 Bxc3+ 6. bxc3 b6 7. Bd3 Ba6 8. Ne2 Bxd3 9. cxd3 c5 10. O-O O-O 11. dxc5 bxc5 12. Ng3 Nbc6 13. f4 Rb8 14. Kh1 Qa5 15. Bd2 Rb2 16. f5 Nxe5 17. f6 N7g6 18. fxg7 Rfb8 19. Nh5 Nd7 20. Qf3 f5 21. Bf4 Re8 22. Rae1 Qd8 23. d4 c4 24. Bd6 Qg5 25. Qxd5 Nf6 26. Rxe6 Qxh5 27. Rxe8+ Kxg7 28. Be5 Nxe5 29. Qxe5 Qxe8 30. Qxf5 Qg6 31. Qf3 h5 32. d5 Qg4 33. Qxf6+ Kh7 34. Qf7+ Kh6 35. Rf6+ Kg5 36. Rg6+ 1-0

[Event "EOBCC 2020"]
[Site "Online"]
[Date "2020.12.18"]
[Round "6.109"]
[White "Smirnova, Ekaterina"]
[Black "Koksal, Ege"]
[Result "1-0"]
[WhiteElo "2239"]
[BlackElo "2353"]
[Annotator "ChessBase"]
[PlyCount "101"]
[EventDate "2020.12.18"]
[EventType "tourn"]
[EventCountry "NET"]
[SourceTitle "playchess.com"]
[Source "ChessBase"]
[SourceQuality "1"]

1. d4 d5 2. c4 c6 3. Nc3 Nf6 4. e3 Bg4 5. Qb3 Bc8 6. Nf3 e6 7. Be2 Nbd7 8. O-O Bd6 9. Qc2 O-O 10. e4 dxe4 11. Nxe4 Nxe4 12. Qxe4 Nf6 13. Qh4 h6 14. Be3 b6 15. c5 Be7 16. Qg3 Kh8 17. Rad1 Bb7 18. Ne5 Nd5 19. Bd3 Bf6 20. a3 a5 21. Rfe1 Ba6 22. Bb1 Bxe5 23. dxe5 b5 24. Qf3 Qh4 25. g3 Qh3 26. Qe4 g6 27. Bd3 b4 28. Bb1 Rab8 29. a4 b3 30. Qf3 Rb4 31. Rd4 Rxd4 32. Bxd4 Kg7 33. Be4 Rd8 34. Be3 Rd7 35. Bd2 Nb4 36. Qf6+ Kh7 37. Bxb4 axb4 38. Bxc6 Rc7 39. Be8 Qf5 40. Qxf5 gxf5 41. c6 Kg7 42. Rc1 Kf8 43. Bd7 Bc4 44. f4 Bd5 45. Kf2 Ke7 46. Ke3 f6 47. Kd4 Ra7 48. exf6+ Kxf6 49. Kc5 Rxa4 50. c7 Bb7 51. Bxa4 1-0

[Event "EOBCC 2020"]
[Site "Online"]
[Date "2020.12.18"]
[Round "6.110"]
[White "Suder, Jakub"]
[Black "Okhotnik, Vladimir"]
[Result "1-0"]
[WhiteElo "2239"]
[BlackElo "2350"]
[Annotator "NA"]
[PlyCount "95"]
[EventDate "2020.12.18"]
[EventType "tourn"]
[EventCountry "NET"]
[SourceTitle "playchess.com"]
[Source "ChessBase"]
[SourceQuality "1"]

1. d4 g6 2. c4 Bg7 3. Nc3 c5 4. d5 Bxc3+ 5. bxc3 f5 6. h4 Nf6 7. Bh6 Rg8 8. Nh3 Qa5 9. Qc2 d6 10. e3 Nbd7 11. Nf4 Nb6 12. h5 Bd7 13. hxg6 hxg6 14. Bd3 O-O-O 15. Bg5 Ne4 16. Bxe7 Rde8 17. Bxe4 fxe4 18. Bg5 Nxc4 19. Qb3 Rh8 20. O-O-O Ne5 21. Rxh8 Rxh8 22. Bf6 Re8 23. Bxe5 dxe5 24. Nxg6 Ba4 25. Qa3 b6 26. Rh1 Rg8 27. Ne7+ Kb7 28. Nxg8 Qb5 29. Qb2 Qc4 30. Ne7 b5 31. Nf5 Kb6 32. d6 b4 33. Kb1 Ka6 34. Rc1 b3 35. axb3 Bxb3 36. d7 Qd3+ 37. Ka1 c4 38. Qa3+ Kb7 39. Qb4+ Kc7 40. Qd6+ Qxd6 41. Nxd6 Kxd7 42. Nxe4 Kc6 43. g4 Kd5 44. f3 a5 45. g5 Ba4 46. g6 Ke6 47. g7 Kf7 48. Rg1 1-0